000 01002aam a2200373 4500
005 20260213181935.0
008 150416b2002 xxu||||| |||| 00| 0 spa d
020 _a9507273611
041 _aESP
082 _a364 EL37c
100 _aElbert, Carlos Alberto
_94747
100 _aMurillo, Susana
_933794
100 _aLópez González, Mirtha
100 _aKalinsky, Mónica
245 _aLa criminología del siglo XXI en América Latina: Parte segunda
260 _aArgentina
260 _bRubinzal-Culzoni
260 _c2002
300 _a291 páginas
490 _aInvestigación Criminal
650 _aCRIMINOLOGÍA
650 _aDROGAS
650 _aSEGURIDAD PÚBLICA
650 _aPREVENCIÓN DEL DELITO
650 _aPOLICÍA COMUNITARIA
650 _aDETENCIONES
650 _aETNOGRAFÍA
650 _aPENAS
650 _aSISTEMAS PENITENCIARIOS
650 _aPERSONAS ENCARCELADAS
650 _aEDUCACIÓN
650 _aLIBERTAD ASISTIDA
942 _cBK
_2ddc
999 _c4662
_d4662